000 00640nam a2200181Ia 4500
008 090124s9999 xx 000 0 und d
082 _b6978
_a1090
100 _aनिरंतर गं. भा. (गंगाधर भाऊराव)
245 _a नवी साखर झोप
250 _a1
260 _c1948
300 _a221
600 _aनिरंतर गं. भा. (गंगाधर भाऊराव)
630 _a नवी साखर झोप
700 _aनिरंतर गं. भा. (गंगाधर भाऊराव)
730 _a नवी साखर झोप
942 _cBOOK
999 _c120919
_d120919